Normal view
MARC view
Entry Personal Name
001 - CONTROL NUMBER
- control field: 1136298
003 - CONTROL NUMBER IDENTIFIER
- control field: OSt
005 - DATE AND TIME OF LATEST TRANSACTION
- control field: 20260320201920.0
008 - FIXED-LENGTH DATA ELEMENTS
- fixed length control field: 260320|| aca||aabn | a|a d
040 ## - CATALOGING SOURCE
- Original cataloging agency: OSt
- Transcribing agency: OSt
100 ## - HEADING--PERSONAL NAME
- Personal name: Guilmette
670 ## - SOURCE DATA FOUND
- Source citation: Work cat.: (OSt)1724258: Guilmette, Microsoft 365 Certified Fundamentals MS-900 Exam Guide: Understand the Microsoft 365 platform from concept to execution and pass the MS-900 exam with confidence
